[Event "Aragon-ch Seniors 65+"]
[Site "Zaragoza"]
[Date "2018.05.26"]
[Round "6"]
[White "Navarro Rubio, Rafael"]
[Black "Gutierrez Lizarraga, Manuel"]
[Result "1-0"]
[WhiteElo "1583"]
[BlackElo "1320"]
[PlyCount "113"]
[EventDate "2018.04.21"]
[EventType "swiss"]
[EventRounds "8"]
[EventCountry "ESP"]
[SourceTitle "EXT 2020"]
[Source "ChessBase"]
[SourceDate "2019.10.17"]
[SourceVersion "1"]
[SourceVersionDate "2019.10.17"]
[SourceQuality "1"]

1. d4 Nf6 2. Nc3 g6 3. e4 d6 4. Bg5 Bg7 5. Bc4 e6 6. Nf3 Nbd7 7. 0-0 0-0 8. e5 d5 9. exf6 Bxf6 10. Bxf6 Nxf6 11. Bd3 c6 12. Ne5 Nd7 13. Qe2 Nxe5 14. Qxe5 f6 15. Qg3 Rf7 16. h4 f5 17. Ne2 Qf6 18. c3 f4 19. Qg5 f3 20. Qxf6 Rxf6 21. Ng3 Rf4 22. gxf3 Rxh4 23. Rfe1 Bd7 24. Re5 Rf4 25. Kg2 Raf8 26. Be2 Kg7 27. Re1 R8f6 28. Bd1 Kf7 29. Rh1 Kg7 30. Nf1 R4f5 31. Ne3 Rxe5 32. dxe5 Rf8 33. Ng4 h5 34. Nf6 Be8 35. Nxe8+ Rxe8 36. Bc2 Rf8 37. Rh4 Rf7 38. Kg3 b6 39. Rf4 c5 40. Rxf7+ Kxf7 41. Kh4 d4 42. cxd4 cxd4 43. Be4 a5 44. f4 b5 45. Bd3 b4 46. b3 Kg7 47. Kg5 h4 48. Kxh4 Kh6 49. Bc4 Kg7 50. Bxe6 d3 51. Bg4 d2 52. Kg5 Kf7 53. e6+ Kg7 54. e7 Kf7 55. e8Q+ Kxe8 56. Kxg6 Ke7 57. Kg7 1-0

[Event "Aragon-ch Seniors 65+"]
[Site "Zaragoza"]
[Date "2018.05.06"]
[Round "3"]
[White "Navarro Rubio, Rafael"]
[Black "Perez Sirera, Jose Maria"]
[Result "0-1"]
[WhiteElo "1583"]
[BlackElo "1406"]
[PlyCount "80"]
[EventDate "2018.04.21"]
[EventType "swiss"]
[EventRounds "8"]
[EventCountry "ESP"]
[SourceTitle "EXT 2020"]
[Source "ChessBase"]
[SourceDate "2019.10.17"]
[SourceVersion "1"]
[SourceVersionDate "2019.10.17"]
[SourceQuality "1"]

1. d4 d5 2. e4 e6 3. exd5 exd5 4. Bd3 Nf6 5. h3 Bd6 6. Nf3 0-0 7. 0-0 Re8 8. Bg5 Be6 9. Re1 Nbd7 10. Ne5 Qc8 11. c3 Be7 12. Qc2 h6 13. Bh4 c5 14. Nxf7 Bxf7 15. Nd2 c4 16. Bf5 Qd8 17. Re3 a5 18. Rae1 Kf8 19. Nf3 Qc7 20. Ne5 Nxe5 21. dxe5 Ne4 22. Bxe7+ Rxe7 23. Bxe4 dxe4 24. Qxe4 Kg8 25. f4 Rae8 26. f5 Rxe5 27. Qxe5 Rxe5 28. Rxe5 Qb6+ 29. Kh2 a4 30. R1e2 Qd6 31. g3 Qc6 32. g4 Kh7 33. Kg3 Bd5 34. Rd2 Bh1 35. Re7 Bd5 36. Re5 Be4 37. Re7 Bd3 38. Kf4 Qd6+ 39. Re5 g5+ 40. fxg6+ Kxg6 0-1

[Event "Aragon-ch Seniors 65+"]
[Site "Zaragoza"]
[Date "2018.04.28"]
[Round "2"]
[White "Ferruz Martinez, Rafael"]
[Black "Navarro Rubio, Rafael"]
[Result "1-0"]
[WhiteElo "1351"]
[BlackElo "1583"]
[PlyCount "45"]
[EventDate "2018.04.21"]
[EventType "swiss"]
[EventRounds "8"]
[EventCountry "ESP"]
[SourceTitle "EXT 2020"]
[Source "ChessBase"]
[SourceDate "2019.10.17"]
[SourceVersion "1"]
[SourceVersionDate "2019.10.17"]
[SourceQuality "1"]

1. e4 c5 2. Nc3 a6 3. Nge2 e5 4. g3 Nf6 5. Bg2 Nc6 6. 0-0 b5 7. a3 Bb7 8. d3 Na5 9. f4 Bd6 10. fxe5 Bxe5 11. Nd5 Nc6 12. c3 Nxd5 13. exd5 Ne7 14. Bf4 d6 15. Bxe5 dxe5 16. c4 Qd6 17. Nc3 b4 18. Qa4+ Qd7 19. Qxd7+ Kxd7 20. Ne4 Rac8 21. Rxf7 Rhf8 22. Bh3+ Ke8 23. Nd6+ 1-0

[Event "Aragon-ch Seniors-B"]
[Site "Zaragoza"]
[Date "2017.06.10"]
[Round "8"]
[White "Navarro Rubio, Rafael"]
[Black "Ferruz Martinez, Rafael"]
[Result "1-0"]
[WhiteElo "1651"]
[BlackElo "1301"]
[PlyCount "55"]
[EventDate "2017.04.22"]
[EventType "swiss"]
[EventRounds "8"]
[EventCountry "ESP"]
[SourceTitle "EXT 2019"]
[Source "ChessBase"]
[SourceDate "2018.10.10"]
[SourceVersion "1"]
[SourceVersionDate "2018.10.10"]
[SourceQuality "1"]

1. d4 d5 2. e4 c6 3. Bd3 e6 4. Nf3 Be7 5. e5 Nd7 6. 0-0 b6 7. c3 c5 8. b3 Bb7 9. Qc2 Nf8 10. Ba3 Qc8 11. Nbd2 Ba6 12. c4 cxd4 13. Bxe7 Nxe7 14. Nxd4 Nfg6 15. N4f3 0-0 16. h4 f5 17. exf6 Rxf6 18. h5 Nf4 19. Bxh7+ Kf7 20. Ng5+ Kf8 21. g4 Ne2+ 22. Kh1 dxc4 23. Nxc4 Bb7+ 24. Be4 Bxe4+ 25. Qxe4 Nc3 26. Qd3 Ncd5 27. Nh7+ Kf7 28. Ne5+ 1-0

[Event "Aragon-ch Seniors-B"]
[Site "Zaragoza"]
[Date "2017.06.03"]
[Round "7"]
[White "Ruiz Gutierrez, Jose Manuel"]
[Black "Navarro Rubio, Rafael"]
[Result "1-0"]
[WhiteElo "1698"]
[BlackElo "1651"]
[PlyCount "53"]
[EventDate "2017.04.22"]
[EventType "swiss"]
[EventRounds "8"]
[EventCountry "ESP"]
[SourceTitle "EXT 2019"]
[Source "ChessBase"]
[SourceDate "2018.10.10"]
[SourceVersion "1"]
[SourceVersionDate "2018.10.10"]
[SourceQuality "1"]

1. c4 c5 2. g3 Nf6 3. Bg2 e6 4. Nf3 d5 5. 0-0 Be7 6. d4 0-0 7. cxd5 Nxd5 8. e4 Nf6 9. e5 Nd5 10. Nc3 cxd4 11. Nxd4 Nxc3 12. bxc3 Qa5 13. Qb3 Qc7 14. Rb1 Nc6 15. f4 Bc5 16. Be3 Rd8 17. Rfd1 Bb6 18. Kf1 Na5 19. Nb5 Nxb3 20. Nxc7 Rxd1+ 21. Rxd1 Bxc7 22. axb3 Kf8 23. Ke2 Ke8 24. Be4 Bd7 25. Ra1 Bb5+ 26. c4 Ba6 27. Rxa6 1-0

[Event "Aragon-ch Seniors-B"]
[Site "Zaragoza"]
[Date "2017.04.29"]
[Round "2"]
[White "Navarro Rubio, Rafael"]
[Black "Gonzalez Felez, Jose Julian"]
[Result "0-1"]
[WhiteElo "1651"]
[BlackElo "2009"]
[PlyCount "59"]
[EventDate "2017.04.22"]
[EventType "swiss"]
[EventRounds "8"]
[EventCountry "ESP"]
[SourceTitle "EXT 2019"]
[Source "ChessBase"]
[SourceDate "2018.10.10"]
[SourceVersion "1"]
[SourceVersionDate "2018.10.10"]
[SourceQuality "1"]

1. d4 Nf6 2. Nc3 d5 3. e4 dxe4 4. Bg5 Bf5 5. Qe2 Nbd7 6. f3 exf3 7. Nxf3 c6 8. 0-0-0 Be6 9. Bxf6 Nxf6 10. Ne5 Qa5 11. Kb1 0-0-0 12. h3 h5 13. a3 Rd6 14. Qf2 g6 15. Bc4 Rh7 16. Rhe1 Bh6 17. Ne4 Nxe4 18. Rxe4 Bd5 19. Re2 Rf6 20. Qg1 e6 21. g4 hxg4 22. hxg4 Bf4 23. Bxd5 cxd5 24. Nf3 g5 25. Ne5 Rfh6 26. Qf1 Qc7 27. Rf2 Rh4 28. Nf3 Rxg4 29. Qe2 Rgh4 30. Rdf1 0-1

[Event "Aragon-ch Seniors"]
[Site "Zaragoza"]
[Date "2015.05.23"]
[Round "6"]
[White "Gimeno Royo, Jose Andres"]
[Black "Navarro Rubio, Rafael"]
[Result "1-0"]
[WhiteElo "1714"]
[BlackElo "1633"]
[PlyCount "115"]
[EventDate "2015.04.18"]
[EventType "swiss"]
[EventRounds "8"]
[EventCountry "ESP"]
[SourceTitle "EXT 2017"]
[Source "ChessBase"]
[SourceDate "2016.10.25"]
[SourceVersion "1"]
[SourceVersionDate "2016.10.25"]
[SourceQuality "1"]

1. d4 d5 2. Nf3 Nf6 3. Bf4 e6 4. e3 Bd6 5. Ne5 Bxe5 6. dxe5 Nfd7 7. Nd2 0-0 8. Bd3 Nc5 9. Qg4 Nxd3+ 10. cxd3 f5 11. Qg3 c5 12. 0-0 Nc6 13. Nf3 Qe8 14. Rfc1 b6 15. d4 c4 16. h4 Qg6 17. Qxg6 hxg6 18. b3 b5 19. a4 Na5 20. Nd2 cxb3 21. Rcb1 b2 22. Rxb2 Nc4 23. Rc2 Bd7 24. axb5 Bxb5 25. Nb3 a5 26. Nc5 Kf7 27. Rca2 Rfb8 28. f3 Be8 29. e4 Rb2 30. exd5 exd5 31. Rxb2 Nxb2 32. Rb1 Nc4 33. Rb7+ Kg8 34. Ne6 Bf7 35. Nc7 Rc8 36. e6 Be8 37. Nxd5 Ra8 38. Nc7 Rc8 39. d5 Rd8 40. Bg5 Rc8 41. Nxe8 Rxe8 42. Be7 a4 43. d6 Nxd6 44. Bxd6 Rxe6 45. Ba3 Re3 46. Bb2 a3 47. Bxg7 a2 48. Ra7 Re2 49. Kf1 Rc2 50. Be5 Kf8 51. Kg1 Kg8 52. Kh2 Re2 53. f4 Kf8 54. Kg3 Rc2 55. Kf3 Rd2 56. Ra3 Kf7 57. Ra6 Rc2 58. Rf6+ 1-0